Movie Soundtrack Quiz - Statistics

General Stats
  • This quiz has been taken 42 times
  • The average score is 8 of 17
Answer Stats
Hint Answer % Correct
Hedwig´s Theme Harry Potter
94%
Let it go Frozen
74%
Cantina Band Star Wars
68%
Misty Mountains The Hobbit
68%
Concerning Hobbits Lord of the Rings
65%
(I´ve Had) The Time Of My Life Dirty Dancing
58%
He´s a Pirate Pirates of the Carribean
48%
Earth to Asgard Thor
48%
The Hanging Tree Hunger Games
45%
Time Inception
42%
He Lives In You The Lion King
35%
Cornfield Chase Interstellar
32%
From Now On The Greatest Showman
29%
Now We Are Free Gladiator
23%
Arrival to Earth Transformers
16%
Test Drive How To Train Your Dragon
13%
Una Matina Intouchables
6%
No matching quizzes found
Score Distribution
Percent of People with Each Score
Percentile by Number Answered
Your Score History
You have not taken this quiz